000 00729nam a2200217Ii 4500
003 JO-AjNU
008 230605s9999||||xx |||||||||||||| ||und||
017 _a2009/12/5093
040 _aJO-AjNU
_bara
_erda
_cJO-AjNU
041 _aara
050 1 4 _aPJ7962.H832.J85 2010
100 3 _aالشوبكي، يحيى,
_eauthor
_948714
245 0 0 _aجونة العربية "صرخة في وجدان النائمين" : رواية
264 3 1 _aعمان:وزارة الثقافة،2009
300 _a261ص
336 _atext
_btxt
_2rdacontent
337 _aunmediated
_bn
_2rdamedia
338 _avolume
_bnc
_2rdacarrier
490 0 _aسلسلة الكتاب الأول
650 4 _aالأدب العربي - روايات
_948715
999 _aA21352
_c24920
_d24920